| 000 | 00643nac a22002171u 4500 | ||
|---|---|---|---|
| 020 | _a0333510720 (pbk) | ||
| 082 |
_a531 _bDYK |
||
| 090 |
_c9100 _d9100 |
||
| 100 | _aDyke, P. P. G. | ||
| 245 |
_aGuide to mechanics / _cPhilip Dyke and Roger Whitworth. |
||
| 260 |
_aLondon: _bMacmillan,1992. _c 1992. |
||
| 300 |
_axi,292p.: _bill.; _c22 cm. |
||
| 500 | _adistributer: Al-Ahram | ||
| 511 | _acatalogued by: wessam | ||
| 650 | _aMechanics | ||
| 700 | _aWhitworth, Roger. | ||
| 942 |
_cBB _k531DYK _hRDA-MOD |
||
| 999 |
_c9100 _d9100 |
||
| 336 |
_2rdacontent _atext _btxt |
||
| 337 |
_aunmediated _2rdamedia _bn |
||
| 338 |
_avolume _bnc _2rdacarrier |
||